Compassionate economy (Record no. 519489)

000 -LEADER
fixed length control field 00225nam a22000977a 4500
082 ## - DEWEY DECIMAL CLASSIFICATION NUMBER
Classification number TNC T1 C733
245 ## - TITLE STATEMENT
Title Compassionate economy
260 ## - PUBLICATION, DISTRIBUTION, ETC. (IMPRINT)
Place of publication, distribution, etc New Delhi
Name of publisher, distributor, etc Tibet House
Date of publication, distribution, etc 2005
300 ## - PHYSICAL DESCRIPTION
Extent 107p
650 ## - SUBJECT ADDED ENTRY--TOPICAL TERM
Topical term or geographic name as entry element Economics
9 (RLIN) 30561
Holdings
Withdrawn status Lost status Source of classification or shelving scheme Damaged status Koha normalized classification for sorting Not for loan Permanent location Current location Date acquired Full call number Barcode Date last seen Price effective from Koha item type
        TNC_T1_C733   Indian Institute of Public Administration Indian Institute of Public Administration 2022-03-16 TNC T1 C733 GR23926 2022-03-16 2022-03-16 GR

Powered by Koha